Ô nhiễm và hậu quả

Сохранить в:
Библиографические подробности
Главный автор: Nguyễn Thị Thìn
Формат:
Опубликовано: Khoa học và kỹ thuật 2001
Метки: Добавить метку
Нет меток, Требуется 1-ая метка записи!
Thư viện lưu trữ: Mạng thư viện Đại học Đà Nẵng
LEADER 00577nam a2200229 a 4500
001 000029794
003 12301
005 20171030145630.0
008 171030s2001
020 |c 32000 
040 |a LTT 
082 0 |a 363.73  |b NG-T 
100 1 |a Nguyễn Thị Thìn 
245 0 0 |a Ô nhiễm và hậu quả  |c Nguyễn Thị Thìn, Tuấn Lan. 
260 |b Khoa học và kỹ thuật  |c 2001 
OWN |a LTT 
999 |a From the UDN01 
TYP |a Monograph 
TYP |a Printed language 
980 |a Mạng thư viện Đại học Đà Nẵng